000 01252cad a22002295a 4500
001 L150163
008 100609s2009 xxkd f s 000 0 eng d
035 _a(Sirsi) u150163
041 0 _aeng
050 0 4 _a333.337 $2 18
110 2 _aSavills Project Consultancy
_95857
245 0 0 _aCommercial development activity
_bMay 2009
_h[electronic resource]
260 _aLondon
_bSavills
_c2009
490 0 _aSavills UK Commercial Development Activity PMI
_vMay 2009
520 _aSlowest decline in commercial development for fourteen months. The downturn in UK commercial development activity eased in April to its slowest for fourteen months. Moreover, the rate of contraction was much weaker than last November's record. The Total Commercial Development Activity Index posted -8.9%, up from -15.5% in March. However, the index has now remained inside negative territory for a year-and-a-half.
590 _aKA
650 2 4 _aSAVILLS UK COMMERCIAL DEVELOPMENT ACTIVITY PMI
651 4 _aUnited Kingdom
_y
690 _aPROPERTY-COMMERCIAL PROPERTY-COMMERCIAL PROPERTY MARKET
856 4 0 _uhttps://www.savills.com/research-archive/commercial-development-activity-report-may-2009.pdfzView this report free of charge at www.savills.com
942 _n0
999 _c110763
_d110763